[Event "E Chess.com Grand Swiss"]
[Site "FIDE"]
[Date "2019.10.10"]
[Round "1.4"]
[White "Najer, Evgeniy"]
[Black "Anand, Viswanathan"]
[Result "1-0"]
[WhiteElo "2635"]
[BlackElo "2765"]
[EventDate "2019.??.??"]
[Annotator "Bojkov,Dejan"]
[PlyCount "59"]
[Beauty "8251034871378"]
[EventType "team-tourn"]
[EventCountry "FID"]

1.d4 Nf6 2.c4 e6 3.Nc3 Bb4 4.e3 O-O 5.Bd2 d5 6.Nf3 b6 7.Rc1 Bb7 8.cxd5 exd5 9.Bd3 Be7 10.O-O Nbd7 ( {Both players definitely knew this recent game:} 10...c5 11.Ne5 Nc6 12.Ne2 Rc8 13.Ng3 cxd4 14.Nxc6 Rxc6 15.exd4 Rxc1 16.Bxc1 Ne4 17.Qa4 {After all, it was one of Anand's former seconds who played it: Fedoseev,V (2664)-Ganguly,S (2658) Khanty-Mansiysk 2019} ) 11.Ne5 Nxe5 12.dxe5 Nd7 13.f4 Nc5 14.Bb1 d4 {A double-edged position arose in which both sides consistently carry out their plans. Najer wants to mate his mighty opponent on the kingside, Anand answers in return with the classical central break.} 15.Nb5 d3 16.Nd4 a5 17.Qg4 g6 $146 {Black comes first with a novelty.} ( {In a predecessor Black managed to swap off the queens after} 17...Kh8 18.Rcd1 g6 19.Bc3 Be4 20.b3 Rg8 21.Qh3 Qc8 22.Qxc8 Rgxc8 23.Nf3 Kg8 {and this was very good for the second player, Salemgareev,T (2412)-Alekseev,E (2645) Yaroslavl 2019. Apparently, both players knew something hidden in the played line which was not exactly great for Black.} ) 18.f5 Ne4 {But this move is a mistake.} ( {Correct was} 18...Qd5 {in order to "fix" the enemy queen with the defense of her own king. Then everything depends on the line} 19.f6 h5 $1 {Then White needs to retreat to} 20.Qh3 ( {Both} 20.Qg3 $2 Ne4 {followed by Ne4xd2.} ) ( {and} 20.Qg5 $2 Ne4 21.Qh6 Nxf6 $1 {are lines in which the attack is repelled convincingly.} ) 20...Bd8 {And now the promising exchange sacrifice} 21.Rxc5 $1 {Obviously} 21...Qxc5 $2 {cannot be good for Black after} ( {However} 21...bxc5 {looks also risky as White can attack with either} 22.Nf3 $5 ( {or the more flashy} 22.Nf5 $5 ) ) 22.Qg3 Qd5 23.Bxd3 {with the unstoppable threat of Bd3xg6!} ) 19.Bxd3 $1 {A brilliant piece sacrifice! The attack more than compensates for the lost material.} 19...Nxd2 20.fxg6 fxg6 ( {If Black harvests some material with} 20...Nxf1 {then the refutation is stunning:} 21.Ne6 $3 ( {Although the less beautiful} 21.gxf7+ $1 Kh8 ( 21...Kxf7 22.Qh5+ Kg8 23.Qxh7# ) 22.Ne6 {should also do the job for the first player.} ) 21...fxe6 22.Qh5 Rf7 23.gxf7+ Kf8 24.Qh6+ Kxf7 25.Qh5+ $1 {and it is forced mate.} ) ( {The capture with the other pawn} 20...hxg6 {leaves the king completely naked. White's attack is unstoppable after} 21.Bxg6 Bg5 {with another brilliancy to follow:} 22.Rf6 $3 {Yeah, the same move as in the famous Fischer-Benko game, but with a completely different crushing idea:} 22...Bxf6 23.exf6 Qxf6 24.Bxf7+ $3 {One more!} 24...Kxf7 ( {Or the prosaic win after} 24...Kh7 25.Qh5+ Kg7 26.Ne6+ Qxe6 27.Bxe6 ) 25.Rxc7+ Qe7 26.Qe6+ $1 {and mate!} ) 21.Bxg6 Kh8 $1 {Anand finds the best defense, hiding behind his last kingside soldier.} ( {After} 21...Bc8 {White can continue the attack with} 22.Rxf8+ Qxf8 23.Bf5+ Kh8 24.Rxc7 ) ( {Whereas} 21...hxg6 22.Qxg6+ Kh8 23.Qh6+ Kg8 24.Ne6 {leads to unstoppable mate.} ) 22.Bxh7 $1 {The guard is removed!} 22...Rxf1+ ( 22...Kxh7 23.Qh5+ Kg8 24.Qg6+ {transposes to the line from above.} ) ( {While the immediate} 22...Qd5 {will be met with} 23.Rxf8+ Rxf8 24.Bd3 {and the threat of Qg4-h5 forces Black to part with his extra material.} ) 23.Rxf1 Bg5 ( {Here too} 23...Qd5 {is insufficient due to} 24.Bg6 $1 {(Or any other reasonable retreat) when the threats of Qg4-h5 and rook lift along the fifth rank decide.} ) ( 23...Nxf1 24.Bg6 {is mate in six.} ) 24.Nf5 $1 {Calmly bringing the last deserves into the attack.} 24...Qd3 25.Re1 Bxe3+ $1 {Anand managed to find counterplay even in a situation where his king is barely holding on the edge of the abyss!} 26.Kh1 ( {Of course not} 26.Rxe3 $4 Qf1# ) ( {nor} 26.Nxe3 $2 Qxh7 ) 26...Bh6 27.Qg6 {The only inaccuracy of Najer in the whole game. But taking into account the fact that it led to a victory in three moves, it can hardly be criticized.} ( {Instead:} 27.Bg6 $1 {was winning. For example:} 27...Ne4 ( {Other tricky moves do not save either:} 27...Qf3 $5 {is best met with} 28.Nxh6 $1 Qxg4 29.Nxg4 Rg8 30.Bf5 {with won endgame.} ) 28.Qh5 ( 28.Qh4 $1 {would also do.} ) 28...Qd2 ( {Or the flashy} 28...Qh3 $5 {with the idea} 29.Qxh3 ( {Here the easiest for White is transpose to the main line with} 29.Qxh6+ ) 29...Nf2+ 30.Kg1 Nxh3+ 31.gxh3 ) 29.Qxh6+ Qxh6 30.Nxh6 {Two extra pawn guarantee White the win.} ) 27...Bxg2+ ( {White is winning the endgame after} 27...Qh3 $5 28.Nxh6 Qxg2+ 29.Qxg2 Bxg2+ 30.Kxg2 Kxh7 31.Ng4 ) 28.Kxg2 ( {Objectively, better was} 28.Qxg2 $1 Kxh7 29.Nxh6 {Then, the correct sequence of moves is anything but trivial for Black:} 29...Nf3 $1 ( {Not} 29...Qf3 30.Ng4 ) 30.Rc1 Rd8 $3 ( {Avoiding the temptation} 30...Kxh6 {leads once more to a forced win for White after} 31.Rc6+ Kh5 ( {or} 31...Kh7 32.Qh3+ Kg8 33.Qg4+ Kf8 34.Rf6+ Ke8 35.Qe6+ Kd8 36.Rf8# ) 32.Qh3+ Kg5 33.Qh6+ Kg4 34.h3+ Kg3 35.Rg6+ Kf2 36.Rg2+ Kf1 37.Qc1+ Ne1 38.Rg1+ {and mate is happening soon.} ) 31.Ng4 Nh4 32.Rxc7+ Kg6 $1 {There are so many checks and each and every one of them looks like mate, but the Black king is somehow surviving:} 33.Qc6+ Kh5 $1 34.Nf6+ Kg5 35.Rg7+ Kf5 $1 {There is no mate and Black can start think about attacking too!} ) 28...Qd5+ $2 ( {Anand misses a wonderful chance to save the game. The line} 28...Qf3+ $1 29.Kg1 Qf4 {was leading to a draw, in many ways. For example} 30.Qxh6 Nf3+ 31.Kf2 Ng5+ $1 {which forces draw as} ( {Also possible is} 31...Nxe1+ $1 32.Qxf4 Nd3+ 33.Ke3 Nxf4 34.Kxf4 Kxh7 {although this is less clear.} ) 32.Ke2 $2 Qg4+ 33.Kd2 Rd8+ 34.Nd6 Nxh7 {leads to a position where only Black can play for a win.} ) 29.Kh3 Qd3+ ( {The endgame after} 29...Qf3+ 30.Kh4 Qf4+ 31.Kh5 Qxh2+ 32.Nh4 Bf4 33.Rg1 Qe2+ 34.Qg4 {is also lost for Black. Here is a nice winning line:} 34...Qxg4+ ( 34...Qxe5+ 35.Bf5 $1 ) 35.Rxg4 Kxh7 36.Rxf4 Kg7 37.e6 Rf8 38.Nf5+ $1 Kf6 39.Nd4+ Ke7 40.Nc6+ Ke8 41.Rd4 $1 ) 30.Kh4 $1 {A remarcable achievement by the former European champion!} ( 30.Kh4 {Black resigned as the checks will be soon over:} 30...Qd8+ 31.Kh5 Qg5+ 32.Qxg5 Bxg5 33.Kxg5 Kxh7 34.Kf4 {and the endgame is hopeless for the second player.} ) 1-0

[Event "E Chess.com Grand Swiss"]
[Site "FIDE"]
[Date "2019.10.11"]
[Round "2.2"]
[White "Caruana, Fabiano"]
[Black "Sevian, Samuel"]
[Result "1-0"]
[WhiteElo "2812"]
[BlackElo "2654"]
[EventDate "2019.??.??"]
[Annotator "Bojkov,Dejan"]
[PlyCount "105"]
[Beauty "6805421607944"]
[EventType "team-tourn"]
[EventCountry "FID"]

1.c4 e5 2.g3 Nf6 3.Bg2 d5 4.cxd5 Nxd5 5.Nf3 Nc6 6.O-O Nb6 7.b3 Be7 ( {Movsesian chose instead} 7...Bd6 8.Bb2 O-O 9.d3 Qe7 10.Nbd2 Ba3 11.Bxa3 Qxa3 12.Qc1 Qe7 13.Qb2 Bg4 14.Rac1 {in a game from their World Cup match, Ding,L (2811)-Movsesian,S (2654) Khanty-Mansiysk 2019} ) 8.Bb2 f6 9.Na3 $146 {A novelty. The knight is moving towards the c2 square from where it can support the central break with d2-d4.} ( {Black was doing fine in the predecessor:} 9.d3 O-O 10.Nbd2 Be6 11.Rc1 Qd7 12.Ne4 Rad8 13.Qc2 Nd5 {Le,Q (2714)-Giri,A (2783) St Petersburg 2018} ) 9...Be6 10.Nc2 O-O 11.e4 {An important part in White's plan.} ( {Otherwise:} 11.d4 $6 {is not effective due to:} 11...e4 12.Nd2 f5 ) 11...Qd3 12.Re1 Rad8 {The main reason for Black's problems. Choosing the right rook to place on a file is an eternal problem for players at all levels. This rook seems to be more natural contender for the open file as the other one can be quite useful on the kingside. However, there is a minor tactical defect in the position which ruins this logic.} ( {Correct was:} 12...Rfd8 {when:} 13.Bf1 Qd7 14.d4 exd4 15.Ncxd4 $2 {No longer works due to} ( {Here} 15.Nfxd4 Nxd4 16.Qxd4 {would be the right way to play, but Black has no problems at all after} 16...Bf7 ) 15...Bb4 $1 16.Re3 Nxd4 17.Nxd4 c5 18.Nxe6 Qxd1 19.Rxd1 Rxd1 {and in comparison to the game there is no black rook hanging on f8.} ) 13.Bf1 {Caruana frees himself in the center and gets better position.} 13...Qd7 14.d4 exd4 15.Ncxd4 Bg4 ( {Now:} 15...Bb4 {does not work that well. After:} 16.Re3 Nxd4 17.Nxd4 c5 18.Nxe6 Qxd1 19.Rxd1 Rxd1 20.Nxf8 {That is the tactical difference!} 20...Kxf8 21.Kg2 {White is better in the endgame. This line, however, might have been Sevian's best try.} ) 16.Qc2 Nxd4 17.Nxd4 Rfe8 {Sevian is developing naturally and occupies the central files with his rooks.} 18.Rac1 ( 18.f3 Bh5 19.Rad1 {was another way to treat the position. However, here there was the danger of mass exchanges along the d-file that would have dried the position.} ) 18...c6 19.b4 $1 {Minority attack is an effective way of creating weaknesses on the queenside.} 19...Kh8 ( 19...Bxb4 $4 20.Qb3+ ) 20.b5 c5 21.Nf5 Bf8 ( {After:} 21...Bxf5 22.exf5 Bf8 23.Red1 {White pieces dominate.} ) 22.h3 Bxf5 {Going into passive position.} ( {Apparently, Sevian was afraid of the central break after} 22...Bh5 23.g4 ( 23.a4 ) 23...Bf7 24.e5 {This is indeed unpleasant for Black, but here thanks to his light-squared bishop he always has chances to create counterplay on the queenside, if he survives the middlegame.} ) 23.exf5 Rxe1 24.Rxe1 {White has a clear plan of advancing his pawn all the way to a5. Then his bishop will occupy the c4 square or will move to the long diagonal; he has many ways to improve. Therefore, Sevian needs to search for counterplay at once.} 24...c4 {Practically sacrificing the pawn. In return Black opens the diagonal for his bishop and gains some activity for his rook.} 25.a4 Bb4 26.Re4 Qd2 27.Qxd2 Bxd2 ( 27...Rxd2 $4 28.Re8+ ) 28.Bxc4 Nxa4 29.Ba3 {The endgame is extremely difficult for Black. The bishops are outrageously powerful on an empty board.} 29...Nb6 30.Bb3 Nc8 31.Bd5 ( {Caruana could have won a pawn with:} 31.Ra4 Bc3 32.Be6 Be5 33.Bxc8 Rxc8 34.Rxa7 Rb8 {However, this would have made Black's defense much easier. He would bring the king to the queenside and then release the rook.} ) 31...a6 {Black correctly tries to get rid of all the white queenside pawns.} ( 31...b6 $2 {would have lost on the spot after} 32.Rc4 g6 33.Be6 Nd6 34.Rd4 Nf7 35.Ra4 ) 32.b6 ( {The other way to play it was:} 32.Bxb7 axb5 33.Bc5 ) 32...Nxb6 33.Bxb7 a5 34.Bc5 Na8 $6 ( {Psychologically, it was difficult to retreat the knight to a position where it had just left. Moreover, it was in a dangerous spot there, but} 34...Nc8 {was the best move. Then} 35.Rc4 Kg8 {leads to a strange situation where White wants to move his bishop away to trap the knight, but it also wants to stay where it is to restrict the knight.} ) 35.Rc4 Bb4 36.Be3 h6 37.h4 $1 {Caruana consistently builds a mating attack on the kingside. The plan that he conducts is reminiscent of the famous game Alekhine-Reti from the New York 1924 tournament.} 37...Kh7 38.g4 ( {The immediate} 38.Rc6 a4 39.Ra6 {was better.} ) 38...Rb8 39.Be4 Nb6 40.Rc7 Na4 ( {Once more Black instinctively avoids placing his knight on a passive square:} 40...Nc8 {but again this was his best chance. For example:} 41.g5 hxg5 42.hxg5 Nd6 43.g6+ Kh8 44.Bd3 Ra8 {but whether is this defendable is another question.} ) 41.g5 Nc3 42.Bf3 Nb5 43.Rd7 hxg5 {This can be named the decisive mistake. The open h-file puts the black king into mortal danger.} ( 43...Kh8 $1 {was the last chance. Black must sit and pray if this is a solid-enough fortress.} ) 44.hxg5 Kh8 ( {Or else the black king will hardly survive the attack after} 44...fxg5 45.f6 Bf8 46.Be4+ Kh6 47.Kg2 {followed by a king march to g4 and Be3xg5} ) 45.g6 $1 {The king is locked and Be3-h6! becomes powerful threat.} 45...Nc3 ( {After a move like} 45...a4 {White's win is typical:} 46.Bh6 $1 {In order to clear the seventh rank.} 46...Bf8 ( 46...gxh6 47.Bd5 $1 {and mate follows.} ) 47.Bf4 $1 Rc8 48.Bb7 {Now White hopes to clear the back rank. Black can hold onto it with} 48...Re8 {but then comes a problem along the h-file:} 49.Rd3 $1 ) 46.Bd2 a4 ( 46...Nb5 47.Bh6 $1 {wins for White as above.} ) 47.Rd3 $1 {Not only hitting the knight, but looking for the king too!} 47...a3 48.Bxc3 {Nicely calculated.} 48...Bxc3 49.Bd5 Bd2 ( 49...a2 50.Rh3# ) 50.Rxd2 Rb1+ 51.Kg2 a2 {The last chance is stalemate.} 52.Bb3 ( 52.Bxa2 Rg1+ 53.Kxg1 $4 {is the stalemate Black is hoping for.} ( {Although White can still win after} 53.Kf3 Rg3+ 54.Ke4 Re3+ 55.Kd5 Re5+ 56.Kc4 Re4+ 57.Kc5 ( 57.Rd4 $4 Rxd4+ 58.Kxd4 {Another stalemate!} ) 57...Rc4+ ( 57...Re5+ 58.Kb4 Re4+ ( 58...Rb5+ 59.Kc3 Rc5+ ( 59...Rb3+ 60.Kxb3 ) 60.Bc4 ) 59.Bc4 ) 58.Kxc4 {But all these lines are unnecessary.} ) ) 52...Rg1+ 53.Kf3 $1 {Mate is inevitable.} 1-0

[Event "E Chess.com Grand Swiss"]
[Site "FIDE"]
[Date "2019.10.12"]
[Round "3.16"]
[White "Nguyen, Ngoc Truong Son"]
[Black "McShane, Luke J"]
[Result "0-1"]
[WhiteElo "2638"]
[BlackElo "2682"]
[EventDate "2019.??.??"]
[Annotator "Bojkov,Dejan"]
[PlyCount "66"]
[Beauty "8178557255728"]
[EventType "team-tourn"]
[EventCountry "FID"]

1.e4 e5 2.Nf3 Nc6 3.Bb5 Nf6 4.d3 Bc5 5.O-O Nd4 6.Nxd4 Bxd4 7.c3 Bb6 8.Ba4 O-O 9.Bg5 h6 10.Bh4 d6 11.Nd2 g5 ( {A quick draw was agreed after} 11...Bg4 12.Qe1 Be6 13.Bb3 Bxb3 14.axb3 Qe7 15.Nc4 Qe6 16.Bxf6 {in Karjakin,S (2748)-Giri,A (2779) Riga 2019} ) 12.Bg3 h5 $146 {"This looks quite promising. Why not give it a try?!" - McShane.} ( 12...Bg4 13.Qe1 Nh5 14.Bd1 Bxd1 15.Qxd1 Nxg3 16.hxg3 f5 17.exf5 Rxf5 18.Nc4 Qf6 19.Qe2 Rf8 20.Nxb6 axb6 {with approximate equality in Caruana,F (2828)-Robson, R (2667) Chess.com INT 2019} ) 13.h3 {This might be the main inaccuracy for White in the game.} ( {Correct is} 13.h4 Bg4 14.Qe1 Nh7 {although this also "looks quite dangerous [for White]" - McShane.} ( 14...Nd7 $5 ) ) 13...h4 {Now Black fixes the pawn on h3 and will manage to open the g-file for his major pieces.} 14.Bh2 g4 15.Kh1 {Nguyen wants to use the open file as well! McShane admitted he felt nervous at this stage of the game.} 15...Kh8 ( {Especially after calculating the line} 15...gxh3 16.gxh3 Bxh3 17.Rg1+ Kh8 18.Qf3 {"And I do not think it is me who is doing the attack here." - McShane. For example:} 18...Be6 19.d4 exd4 20.c4 $1 {With the idea e4-e5!} ) 16.f4 ( {Better is the preliminary} 16.hxg4 Nxg4 {and then} 17.f4 {although Black is better thanks to his dark-square superiority after e.g.} 17...Nxh2 18.Kxh2 Be3 19.Qh5+ Kg7 20.f5 ) 16...gxh3 17.gxh3 ( {According to the English GM} 17.f5 $5 {to lock the bishop on c8 was a chance for White, although after} 17...hxg2+ 18.Kxg2 Rg8+ 19.Kh1 Bd7 {Black is definitely much better. It is important that his bishop on b6 control the g-file, as McShane mentioned.} ( 19...Qf8 {followed by Qf8-g7 might be even more convincing.} ) ) 17...Bxh3 18.Rf3 Bg4 19.fxe5 {Nguyen was probably hoping to take over the initiative, but Black's next cool move clarifies matters.} 19...Nh5 $1 {"Very natural" - McShane. He does not allow any pins and instead brings the knight into the attack.} ( 19...dxe5 $2 {would lose instead for Black after:} 20.Bxe5 Bxf3+ 21.Qxf3 Kg7 22.Rf1 ) 20.Qf1 ( 20.exd6 {is White's last chance. Then after} 20...Qg5 21.d4 {Nguyen could have at least excluded the black dark-squared bishop from the game. Nevertheless, Black should win after} 21...Rg8 22.Qg1 Qh6 $1 ) 20...Qg5 {Black's attack is unstoppable, especially after his next flashy move.} 21.Nc4 f5 $3 {McShane was now certain that he is winning. His rooks enter the kingside assault, and it is all over quickly.} ( 21...Bxf3+ {is not that accurate due to} 22.Qxf3 f5 23.d4 ) 22.Nxb6 ( {or} 22.exf6 Bxf3+ 23.Qxf3 Rxf6 {"followed by Ra8-f8" - McShane.} ) 22...axb6 23.Bd7 Bxf3+ {Black not only wins material but keeps the attack running even in the endgame.} 24.Qxf3 fxe4 25.Qg4 Ng3+ 26.Bxg3 Qxg4 27.Bxg4 hxg3 28.exd6 Rf4 29.Be6 cxd6 30.dxe4 Rxe4 31.Bd5 Re2 32.b4 Rf8 33.Rd1 Rf4 ( 33...Rf4 {White resigned due to} 34.Bxb7 Rh4+ 35.Kg1 g2 36.Bxg2 Rg4 {(McShane)} ) 0-1